La poesía en la Edad Media: épica y clerecía

Saved in:
Bibliographic Details
Main Author: García de la Torre, Moisés
Format: Book
Language:Undetermined
Published: Madrid, España Playor 1982
Subjects:
Tags: Add Tag
No Tags, Be the first to tag this record!

MARC

LEADER 00000nam a2200000Ia 4500
008 170316s9999 xx 000 0 und d
090 |a C-862 G-2p 
100 |a García de la Torre, Moisés 
245 |a La poesía en la Edad Media: épica y clerecía 
260 |a Madrid, España 
260 |b Playor 
260 |c 1982 
300 |a 132 páginas 
650 |a LITERATURA ESPAÑOLA 
650 |a CRÍTICA 
999 |c 28499  |d 28499 
040 |a cru BVZT 
942 |c 15 D  |h C-862 G-2p  |2 z